000 00506nam a2200181Ia 4500
005 20250326125122.0
008 250326s9999 xx 000 0 und d
037 _aTextbook
040 _aFMSL
_beng
_cFMSL
041 _aeng
_2eng
084 _aX:9:(Y31) L7
_qFMSL
100 _aDasgupta B
_9129437
245 0 _aVillage society and labour use
_cDasgupta B
260 _aDelhi
_bDelhi, Oxford University
_c1977
300 _a229p
942 _cTB
_hX:9:(Y31) L7
999 _c1276628
_d1276628